000 00553nam a22002057a 4500
003 OSt
005 20150706123913.0
008 150706b xxu||||| |||| 00| 0 eng d
020 _a9781118097946
040 _cDDC
082 _a658.4 MAR 2013
100 _aMarchewka, Jack T.
_95474
245 _aInfomation Technoloy Project management
250 _a4th ed.
260 _aNew Jersey;
_bJohn Wiley,
_c2013
300 _axxiii,456p;
_bill:
_c26cm
504 _aAppendices, & index included
650 _aProject management
_95305
942 _2z
_cO_SHELF
999 _c2123
_d2123